000 00740nam a2200193 i 4500
001 27912
003 ES-MaACL
005 20250918063024.0
007 t|
008 030115s1868 sp ||||1| spa d
100 1 _aBalbín de Unquera, Antonio,
_d1842-1919
_924846
245 1 0 _aArqueología egipcia :
_bdiscurso leído en la inauguración de las Academias de Arqueología y Geografía del Príncipe Alfonso /
_cAntonio Balbin de Unquera.
260 _aMadrid :
_bGómez Fuentenebro,
_c1868.
300 _a54 p. ;
_c24 cm.
650 _aArqueología-
_zEgipto.
_9176144
710 2 _aReal Academia Española de Arqueología y Geografía del Príncipe Alfonso.
_9134778
852 4 _aES-MaACL
_jT-67-F-9
999 _c27912
_d27912